LEADER 00841nam a2200217 i 4500 001 000000360177 003 CaOOAMICUS 005 20241007154027.0 008 241007s1907 it u000 u ita u 013 $a165673 040 $aSeMil$bita 100 1 $aCavallanti, Alessandro,$d<1879-1917>.$0(OLS)http://semarc/name/49997 245 10$aMilano :$bcentro di Modernismo? /$cS. A. Cavallanti. 260 $aSiena :$bTip. Pontif. S. Bernardino,$c1907. 300 $a112 p. ;$c19 cm 650 4$aModernismo.$0(OLS)http://semarc/subject/674 850 $aSeMil 852 $aSeMil$W1$xVenegono$y1$m5C VI 8/14$j251422$B251205$CSeMilBibl$Z2$F251205 $8B 996 $6245$aMilano :$bcentro di Modernismo?$9(OLS)http://semarc/title/450638 996 $6260$aSiena :$bTip. Pontif. S. Bernardino$9(OLS)http://semarc/publisher/50021 LEADER 01148nam a2200265 i 4500 001 000000078338 003 CaOOAMICUS 005 20030521000000.0 008 030521s1955 fr u000 u mul u 013 $a50575 040 $aSeMil$bita 100 1 $aDiadocus : Photicensis .$0(OLS)http://semarc/name/38351 245 10$aOeuvres spirituelles /$cDiadoque de Photicé ; introduction, texte critique, traduction et notes de Édouard des Places. 260 $aParis :$bLes Éditions du Cerf,$c1955. 300 $a206, [99] p. ;$c20 cm. 490 0 $aSources Chrétiennes ;$v5. 500 $aTesto greco a fronte. - Dalla biblioteca del card. Giovanni Colombo. 700 1 $aDes Places, Édouard,$c.$0(OLS)http://semarc/name/9205 830 0$aSources chrétiennes ;$v5.$0(OLS)http://semarc/title/72 850 $aSeMil 852 $aSeMil$W1$xVenegono$y1$mSL1.T I 5$j44279$B44279$CSeMilBibl$Z2$F45934 $8I 941 1 $a3 961 $aLascito: Colombo Card. Giovanni 996 $6245$aOeuvres spirituelles$9(OLS)http://semarc/title/12593 996 $6260$aParis :$bLes Éditions du Cerf$9(OLS)http://semarc/publisher/29611